| 000 | 00481nam a2200193Ia 4500 | ||
|---|---|---|---|
| 003 | IN-BaIIA | ||
| 008 | 211028s9999 xx 000 0 eng d | ||
| 040 | _cIIA Library | ||
| 080 |
_a535 _bHOU |
||
| 100 |
_aHoustoun, R. A. _93234 |
||
| 245 | 0 |
_aIntermediate Light _cR. A. Houstoun |
|
| 260 |
_aLondon _bLongmans, Green _c1930 |
||
| 300 | _ax, 445p. | ||
| 500 | _aDonated by Mrs. Bappu | ||
| 650 |
_aLight _92428 |
||
| 650 | _aNASA Thesaurus | ||
| 650 | _aOptics | ||
| 942 | _cBK | ||
| 999 |
_c7602 _d7602 |
||